000 00442nam a2200181Ia 4500
001 8195
005 20260306160551.0
008 260306t2012||||xx |||||||||||||| ||spa||
041 _aESP
082 _a370.15
_bC16
100 _aCaicedo López, Humberto
_eAUT
245 0 _aNeuroaprendizaje:
_buna propuesta educativa
260 _c2012
300 _a199 páginas :
_c24 cm.
650 _aGEN
654 _aCED
942 _cLIB
_dJUS
_fJUS
_2ddc
_n
999 _c8195
_d8195